书目信息 |
| 题名: |
电子计算器的科学使用与技巧
|
|
| 作者: | 朱煜君 , 刘品 , 刘斌 编著 | |
| 分册: | ||
| 出版信息: | 北京 国防工业出版社 2005.01 |
|
| 页数: | 151页 | |
| 开本: | 23cm | |
| 丛书名: | ||
| 单 册: | ||
| 中图分类: | TP323 | |
| 科图分类: | ||
| 主题词: | 电子计算器--基本知识 | |
| 电子资源: | ||
| ISBN: | 7-118-03772-9 | |
| 000 | 00906nam0 2200253 450 | |
| 001 | 0156313125 | |
| 005 | 20050821081940.35 | |
| 010 | @a7-118-03772-9@dCNY14.00 | |
| 100 | @a20050430d2005 km y0chiy0120 ea | |
| 101 | 0 | @achi |
| 102 | @aCN@b110000 | |
| 105 | @aa z 000yy | |
| 200 | 1 | @a电子计算器的科学使用与技巧@Adian zi ji suan qi de ke xue shi yong yu ji qiao@f朱煜君, 刘品, 刘斌编著@Fzhu yu jun,liu pin,liu bin bian zhu |
| 210 | @a北京@c国防工业出版社@d2005.01 | |
| 215 | @a151页@c图@d23cm | |
| 330 | @a本书通过大量的应用举例,详细介绍了计算器的结构、面板符号意义及一般应用。主要内容包括:计算器简介;计算器的简单运算等。 | |
| 333 | @a科研人员及相关工程技术人员。 | |
| 606 | 0 | @a电子计算器@x基本知识 |
| 690 | @aTP323@v4 | |
| 701 | 0 | @a朱煜君@Azhu yu jun@4编著 |
| 701 | 0 | @a刘品@Aliu pin@4编著 |
| 701 | 0 | @a刘斌@Aliu bin@4编著 |
| 801 | 0 | @aCN@bQSSK@c20050821 |
| 905 | @a10447@dTP323@eZ892 | |
| 电子计算器的科学使用与技巧/朱煜君, 刘品, 刘斌编著.-北京:国防工业出版社,2005.01 |
| 151页:图;23cm |
| 使用对象:科研人员及相关工程技术人员。 |
| ISBN 7-118-03772-9:CNY14.00 |
| 本书通过大量的应用举例,详细介绍了计算器的结构、面板符号意义及一般应用。主要内容包括:计算器简介;计算器的简单运算等。 |
| ● |
| 相关链接 |
|
|
|
正题名:电子计算器的科学使用与技巧
索取号:TP323/Z892
 
预约/预借
| 序号 | 登录号 | 条形码 | 馆藏地/架位号 | 状态 | 备注 |
| 1 | 561378 | 205613781 | 自科库301/301自科库 84排2列4层/ [索取号:TP323/Z892] | 在馆 | |
| 2 | 561379 | 205613790 | 自科库301/301自科库 60排5列2层/ [索取号:TP323/Z892] | 在馆 | |
| 3 | 561380 | 205613807 | 自科库301/301自科库 60排5列2层/ [索取号:TP323/Z892] | 在馆 |